The Adventures of Huckleberry Finn (Record no. 35517)

MARC details
000 -LEADER
fixed length control field 00260nam a2200109Ia 4500
082 ## - DEWEY DECIMAL CLASSIFICATION NUMBER
Classification number 82-3
Item number TWA
100 ## - MAIN ENTRY--AUTHOR NAME
Personal name Mark
245 #4 - TITLE STATEMENT
Title The Adventures of Huckleberry Finn
260 ## - PUBLICATION, DISTRIBUTION, ETC. (IMPRINT)
Place of publication New Delhi
Name of publisher S Chand
942 ## - ADDED ENTRY ELEMENTS (KOHA)
Koha item type Books
Holdings
Withdrawn status Lost status Damaged status Not for loan Home library Current library Date acquired Full call number Accession Number Koha item type
        RRII Library RRII Library 16/12/2021 82-3 TWA 15941 Books